000 00353nam a22001577a 4500
003 SGT
020 _a9789354669934
082 _a612
_bJOH
100 _aJOHN NITIN ASHOK
245 _aCC CHATTERJEES HUMAN PHYSIOLOGY VOL- I
250 _a15TH
260 _aINDIA
_bCBS PUB
_c2026
300 _a538
650 _aHUMAN PHYSIOLOGY
942 _2ddc
_cBK
999 _c32816
_d32816